| 000 | 00645nam a2200193Ii 4500 | ||
|---|---|---|---|
| 003 | JO-AjNU | ||
| 008 | 230605s9999||||xx |||||||||||||| ||und|| | ||
| 040 |
_aJO-AjNU _bara _erda _cJO-AjNU |
||
| 041 | _aara | ||
| 050 | 1 | 4 | _aBD422.A7.T3236 |
| 100 | 3 |
_aتادرس، خليل حنا, _eauthor _937786 |
|
| 245 | 0 | 0 | _aرحلتي مع الروح:جولة روحية في عالم الروح وحديث مع الموتى |
| 264 | 3 | 1 | _aبيروت:المكتبة الثقافية ، د.ت |
| 300 | _a160ص | ||
| 336 |
_atext _btxt _2rdacontent |
||
| 337 |
_aunmediated _bn _2rdamedia |
||
| 338 |
_avolume _bnc _2rdacarrier |
||
| 650 | 4 |
_aروح _937787 |
|
| 999 |
_aA15820 _c19388 _d19388 |
||